logo

Bir Sreshtho Munshi Abdur Rouf Library
Jhenaidah Cadet College

The boy who harnessed the wind / (Record no. 14401)

MARC details
000 -LEADER
fixed length control field 00737nam a22002537a 4500
001 - CONTROL NUMBER
JCCL Control Number 14401
003 - CONTROL NUMBER IDENTIFIER
JCCL marc code BD-JhCC
005 - DATE AND TIME OF LATEST TRANSACTION
control field 20250909122851.0
008 - FIXED-LENGTH DATA ELEMENTS--GENERAL INFORMATION
fixed length control field 250909b |||||||| |||| 00| 0 eng d
020 ## - INTERNATIONAL STANDARD BOOK NUMBER
International Standard Book Number 9780147510426
035 ## - SYSTEM CONTROL NUMBER
system control number (BD-JhCC) 14401
040 ## - CATALOGING SOURCE
Original cataloging agency BD-JhCC
Modifying agency BD-JhCC
041 ## - LANGUAGE CODE
Language code of Book eng
082 ## - DEWEY DECIMAL CLASSIFICATION NUMBER
DDC Edition number 23
Classification number 621.4
Author mark and Year KAM 2023
100 ## - MAIN ENTRY--PERSONAL NAME
Personal name Kamkwamba, William
245 ## - TITLE STATEMENT
Title The boy who harnessed the wind /
Statement of responsibility, etc William Kamkwamba, Bryan Mealer, Anna Hymas (Illustrator)
250 ## - EDITION STATEMENT
Edition statement The Young Readers ed.
260 ## - PUBLICATION, DISTRIBUTION, ETC. (IMPRINT)
Place of publication, distribution, etc New York:
Name of publisher, distributor, etc Penguin Random House,
Date of publication, distribution, etc 2023
300 ## - PHYSICAL DESCRIPTION
Pagination 293p.;
Other physical details ill.,
Dimensions 20 cm.
Accompanying material Paper binding
650 ## - SUBJECT ADDED ENTRY--TOPICAL TERM
Topical term or geographic name as entry element Autobiographies
650 ## - SUBJECT ADDED ENTRY--TOPICAL TERM
Topical term or geographic name as entry element Autodidaxie Malawi
700 ## - ADDED ENTRY--PERSONAL NAME
Personal name Mealer, Bryan
942 ## - ADDED ENTRY ELEMENTS (KOHA)
Source of classification or shelving scheme Dewey Decimal Classification
Koha item type Books
Holdings
Source of classification or shelving scheme Damaged status Not for loan Collection code Home library Current library Shelving location Date of accession Total Checkouts Full call number Barcode Date last seen Date checked out Copy number Method of acquisition Koha item type Cost, normal purchase price Checked out
Dewey Decimal Classification     Non-fiction JCC Rouf Library JCC Rouf Library General Stacks   1 621.4 KAM 2023 20215 11/09/2025 10/06/2025 C-1 Purchase Books    
Dewey Decimal Classification     Non-fiction JCC Rouf Library JCC Rouf Library General Stacks   2 621.4 KAM 2023 20216 10/26/2025 10/26/2025 C-2 Purchase Books 1279.00 11/19/2025

JCC Library | Contacts | JCC Home

Last Update on 23 September 2017
Copyright @ 2017-2020 JCC Rouf Library
Rouf Library, Jhenidah Cadet College (JCC), Bangladesh